english abbreviations - Statistiques

Statistiques générales
  • Ce quiz a été pris 185 fois
  • Le résultat moyen est 10 sur 15
Statistiques - réponses
Hint Réponse % Correct
idk I don't know
99%
idc I don't care
88%
irl in reel life
87%
fr for real
82%
nvm never mind
79%
tbh to be honest
73%
lmk let me know
65%
wbu what about you
65%
ngl not gonna lie
61%
hru how are you
59%
wyd what you doing
59%
idek I don't even know
56%
jk just kidding
44%
dw don't worry
42%
fyi for your information
42%
Aucun quiz correspondant
Distribution des résultats
% des personnes avec chaque résultat
Percentile par nombre de réponses
Votre historique - résultats
Vous n’avez pas pris ce quiz